The Alhambra / Washington Irving
Literatura de viajes, se desarrolla en España y trata sobre el propio autor de la obra, Irving Washington, quien narra sus primeras experiencias en tierras andaluzas, donde descubrirá temas extravagantes sobre su pasado como su origen árabe, además, conocerá cuentos y leyendas sobre el complejo monu...
保存先:
| 第一著者: | |
|---|---|
| フォーマット: | 図書 |
| 言語: | Undetermined |
| 出版事項: |
New York, Estados Unidos
George P. Putnam
1895
|
| 主題: | |
| タグ: |
タグ追加
タグなし, このレコードへの初めてのタグを付けませんか!
|
MARC
| LEADER | 00000nam a2200000Ia 4500 | ||
|---|---|---|---|
| 008 | 170316s9999 xx 000 0 und d | ||
| 040 | |a cru BVZT | ||
| 090 | |a 810 I-2a | ||
| 100 | |a Irving, Washington | ||
| 245 | 4 | |a The Alhambra / Washington Irving | |
| 260 | |a New York, Estados Unidos | ||
| 260 | |b George P. Putnam | ||
| 260 | |c 1895 | ||
| 300 | |a 496 páginas | ||
| 520 | |a Literatura de viajes, se desarrolla en España y trata sobre el propio autor de la obra, Irving Washington, quien narra sus primeras experiencias en tierras andaluzas, donde descubrirá temas extravagantes sobre su pasado como su origen árabe, además, conocerá cuentos y leyendas sobre el complejo monumental Alhambra que lo dejarán impactado de por vida. La obra escrita en 1832, se convirtió en un éxito literario que dio a conocer la cultura española y árabe. | ||
| 650 | |a LITERATURA ESTADOUNIDENSE |9 25 | ||
| 650 | |a BIOGRAFÍA - WASHINGTON IRVING | ||
| 650 | |a EN IDIOMA INGLÉS |9 129 | ||
| 999 | |c 21172 |d 21172 | ||
| 942 | |c 15 D |h 810 I-2a |2 z | ||
